00399nam a22001457a 450000500170000001000100001702000230002703700210005010000200007124500320009126000340012327000560015730000300021350000100024320220624110544.0 aRohit a9788131514054c275 bCengage Learning aKumar Ravinder  aLegal Aspects of Business/  aDelhibCengage Learningc2011 a418, F.I.E., Patparganj Delhi 110092bDelhie110092 axxii,801pbillc23cm (pb) aIndex